000
00244nam a2200109Ia 4500
008
190216s9999||||xx |||||||||||||| ||und||
100
_a
Mamoria C B
245
0
_a
Co-Operation In India
260
_b
Kitab Mahal
650
_a
Commerce
942
_c
BK
999
_c
3885
_d
3885